Iran... of Irak? - Statistieken

Algemene statistieken
  • Deze quiz is 1.014 keer genomen
  • De gemiddelde score is 9 van 17
Antwoordstatistieken
Vraag Antwoord % Correct
De hoofdstad is Teheran Iran
93%
Saddam Hussein was ooit de leider Irak
81%
De rivieren Tigris en Eufraat stromen door het land Irak
71%
De enige wilde cheetah-populatie in Azië bevindt zich hier Iran
71%
Basra is een van de grootste steden Irak
69%
Heeft een hogere gemiddelde hoogte Iran
69%
De hoogste leiders worden democratisch gekozen Irak
61%
Het eerste schrift ter wereld werd hier rond 3200 voor Christus ontwikkeld Irak
55%
Vrouwen moeten van de wet een hijab dragen in het openbaar Iran
54%
Grenst aan de Kaspische Zee Iran
53%
Erkent Israël niet Beide
42%
Viel de ander binnen aan het begin van de Irak-Iranoorlog Irak
42%
Is lid van OPEC, de Organisatie voor Olie-Exporterende Landen Beide
38%
Hoorde bij de "As van het Kwaad" van George Bush Beide
38%
De meerderheid van de bevolking zijn sjia-moslims Beide
33%
Heeft twee officiële talen Irak
31%
Meer dan 5% van de bevolking is Koerdisch Beide
21%
Geen overeenkomende quizzen gevonden
Scoreverdeling
Procent van Mensen met Elke Score
Percentiel versus Aantal Correcte Antwoorden
Uw Scoregeschiedenis
U heeft deze quiz nog niet genomen